000 01376cam a2200325 a 4500
001 10050
003 BD-RjUL
005 20211208234902.0
008 140122s1983 ne b 001 0 eng
020 _a0444996850 :
035 _a(BD-RjUL)10097
040 _aDLC
_cDLC
_dBD-RjUL
_beng
041 1 _aengcze
082 0 0 _a543
_219
_bWIL 1983
245 1 0 _a Wilson and wilson;s Comprehensive analytical Chemistry/
_cG. Svehla, ed.
_nvolume XVIII:
_pKinetic methods in chemical analysis / Miloslav Kopanica, Věra Stará ; Application of computers in analytical chemistry/ [by Karel Eckschlager, et al.]
260 _aAmsterdam ;
_aNew York :
_bElsevier Scientific Pub. Co.,
_cc1983.
300 _a444 p. ;
_bIll. ;
_c24 cm.
490 1 _aWilson and Wilson's comprehensive analytical chemistry ;
_vv. 18
504 _aIncludes bibliographical references and index.
650 0 _aChemistry, Analytic.
_931016
650 0 _aChemical kinetics.
_912838
830 0 _vv. 18.
_932530
700 1 _a Svehla G. , ed.
_931018
700 1 2 _a Kopanica, Miloslav ; Stara, Vera,
_tKinetic methods in chemical analysis
_f1983
_931019
700 1 2 _aEckschlager, Karel...[et al.]
_tApplication of computers in analytical chemistry.
_f1983.
_932500
830 0 _aComprehensive analytical chemistry ;
_932531
942 _2ddc
_cBK
999 _c10050
_d10050